Statistics for One Piece - General Knowledge #4

Click here to take the quiz!

General Stats

  • This quiz has been taken 63 times
  • The average score is 14 of 20

Answer Stats

HintAnswer% Correct
Technique of Luffy that turns his hair whiteGear 5
97%
Soft drink which is the fuel for Franky and the Thousand SunnyCola
93%
Koby's hair colorKobi pink
93%
Deceased samurai of Wano Country who was a member of the Whitebeard Pirates and the Roger PiratesKozuki Oden
91%
He seperated the Straw Hat Crew on SabaodyBartholomew Kuma
90%
Luffy's favourite foodMeat
90%
The only female SupernovaJewelry Bonney
88%
Member of the Beasts Pirates who attacked ZouJack
86%
Devil fruit eaten by LawOpe Ope no Mi
81%
Snowy Island which is the birthplace of ChopperDrum Island
76%
Gathering of 50 world leaders which takes place at Mary Geoise every 4 yearsLevely
74%
Rarest type of Haki{Haoshoku} Haki
69%
Tobiroppo that was defeated by Robin's Demonio FleurBlack Maria
60%
Vivi's codename at Baroque WorksMiss Wednesday
59%
Member of Cipher Pol who wields a sword with the powers of the Zou Zou no MiSpandam
59%
Captain of the First Ship of the Blackbeard PiratesJesus Burgess
55%
Who Big Mom got her devil fruit powers fromMother Carmel
48%
Giant stone cubes which are showing the location of RaftelRoad Poneglyphs
47%
Advanced form of Sanji's Diable Jambe{Ifrit} Jambe
40%
How minks refer to humansLesser Minks
19%

Score Distribution

Percentile by Number Answered

Percent of People with Each Score

Your Score History

You have not taken this quiz